Assessment and analysis of genomic diversity and biomarkers in Sabahan indigenous populations /
Saved in:
| Main Author: | |
|---|---|
| Format: | Thesis Book |
| Language: | English |
| Subjects: | |
| Online Access: | http://studentsrepo.um.edu.my/id/eprint/4576 |
| Tags: |
Add Tag
No Tags, Be the first to tag this record!
|
| LEADER | 01228cam a2200337 i 4500 | ||
|---|---|---|---|
| 001 | u1003352 | ||
| 003 | SIRSI | ||
| 005 | 201312191247 | ||
| 008 | 140917t2014 my a t 000 0 eng m | ||
| 040 | |a UMP |e rda | ||
| 043 | |a a-my--- | ||
| 096 | |a QU4 |b UMP 2014 Kee | ||
| 100 | 1 | |a Kee Boon Pin, |e author. | |
| 245 | 1 | 0 | |a Assessment and analysis of genomic diversity and biomarkers in Sabahan indigenous populations / |c Kee Boon Pin. |
| 264 | 1 | |c 2014. | |
| 264 | 4 | |c 2014. | |
| 300 | |a xxiii, 293 leaves : |b collour illustrations ; |c 30cm. | ||
| 336 | |a text |2 rdacontent | ||
| 337 | |a unmediated |2 rdamedia | ||
| 338 | |a volume |2 rdacarrier | ||
| 502 | |b PhD. Med. Sc. |c Department of Molecular Medicine, Faculty of Medicine, University of Malaya, |d 2014. | ||
| 504 | |a Bibliography: leaves 264-289 | ||
| 530 | |a Also issued in CD. | ||
| 650 | 2 | |a Biological Markers |z Sabah. | |
| 650 | 2 | |a Genomics |z Sabah. | |
| 650 | 2 | |a Population Groups | |
| 710 | 2 | 0 | |a Universiti Malaya. |b Jabatan Perubatan Molekul. |e degree granting institution. |
| 856 | 4 | 1 | |u http://studentsrepo.um.edu.my/id/eprint/4576 |
| 900 | |a ND | ||
| 596 | |a 2 | ||
| 999 | |a QU4 UMP 2014 KEE |w NLM |c 1 |i A515635587 |d 8/9/2015 |f 8/9/2015 |g 1 |l TESIS |m P02MEDKL |r Y |s Y |t TESIS |u 17/9/2014 | ||
